000 00264nam a2200109Ia 4500
008 240625s9999 xx 000 0 und d
041 _aeng
082 _a808.20 AGR
100 _aAGRAWAL PRIYAM
245 _aPROJECT REPORT SUMMER INTERNSHIP MANPOWE
260 _c2013
999 _c36866
_d36866